| 000 | 00473nam a2200181Ia 4500 | ||
|---|---|---|---|
| 001 | 19991 | ||
| 005 | 20260306172733.0 | ||
| 008 | 260306t2025||||xx |||||||||||||| ||spa|| | ||
| 041 | _aESP | ||
| 082 |
_a342.1 _bN86 T. 2 |
||
| 100 |
_aNovak Talavera, Fabián, _eAUT |
||
| 245 | 0 |
_aDerecho internacional público : _bsujetos de derecho internacional |
|
| 260 | _c2025 | ||
| 300 |
_a535 páginas : _c24 cm. |
||
| 650 | _aGEN | ||
| 654 | _aCDE | ||
| 942 |
_cLIB _dJUS _fJUS _2ddc _n |
||
| 999 |
_c19991 _d19991 |
||